000 00611nam a2200181 i 4500
001 64530
003 ES-MaACL
005 20250820062021.0
007 t|
008 031229s1953 sp ||||1| spa d
100 1 _aFont Puig, Pedro.
_951567
245 1 4 _aLas sugestiones del término educación y San Juan Bautista de la Salle /
_cconferencia pronunciada por Pedro Font Puig.
260 _aTarragona :
_bHermanos de las Escuelas Cristianas,
_c1953.
300 _a10 h. ;
_c22 cm.
600 0 4 _aJuan Bautista de la Salle,
_cSanto
_967103
852 _aES-MaACL
_j1974-F-15
_bR.34894
999 _c64530
_d64530